[Event "Summer Chess Classic-A 2019"]
[Site "Saint Louis"]
[Date "2019.06.18"]
[Round "1.1"]
[White "Jones, Gawain C B"]
[Black "Xiong, Jeffery"]
[Result "1/2-1/2"]
[WhiteElo "2709"]
[BlackElo "2684"]
[Annotator "TA"]
[PlyCount "95"]
[EventDate "2019.06.18"]
[EventType "tourn"]
[EventCountry "USA"]
[SourceTitle "playchess.com"]
[Source "ChessBase"]
[SourceQuality "1"]

{[%evp 9,95,15,10,13,9,14,19,0,19,3,6,0,0,0,0,0,0,0,0,0,0,0,0,-10,0,0,-16,-10,31,31,30,29,37,8,12,0,37,37,37,37,37,37,37,37,37,51,43,0,0,0,0,0,0,-34,-34,-20,-11,-45,-37,-46,-22,-14,0,0,0,0,0,0,0,-15,-15,-39,0,0,0,0,0,0,0,0,0,0,0,0,0,0,0,0]} 1. e4 c6 2. d4 d5 3. e5 Bf5 4. h4 h5 5. Bd3 Bxd3 6. Qxd3 {B12: Caro-Kann: Advance Variation} Qa5+ (6... e6 7. Bg5 Be7 8. Nf3 Nh6 9. Nbd2 Nf5 10. Nf1 Qa5+ 11. c3 Qa6 12. Qd2 Nd7 13. Ng3 Nxg3 14. fxg3 f6 {½-½ (72) Inarkiev,E (2693)-Tomashevsky,E (2705) St Petersburg 2018}) 7. Nd2 {With the idea e6!} e6 8. Ngf3 Nh6 9. O-O Nf5 10. Nb3 Qa6 11. Qd1 Nd7 12. Bf4 $146 ({Predecessor:} 12. Re1 Be7 {½-½ (29) Nataf,I (2535)-Godard,M (2329) Chartres 2017}) 12... Be7 13. g3 Rc8 14. c3 c5 15. a4 {[%cal Ba2a4,Ba4a5][%mdl 32]} Qb6 16. Ra2 a6 17. dxc5 Bxc5 18. Kg2 Nf8 19. a5 Qb5 20. Nxc5 Rxc5 21. Re1 Ng6 22. Be3 Rc8 23. Bb6 Nge7 24. Nd4 Qd7 25. Ra3 Rc4 26. Qf3 Qc8 27. Rd1 g6 28. b4 O-O 29. Bc5 Re8 30. Bxe7 Nxe7 31. Rb3 Nc6 32. Qe3 Qc7 33. Re1 Rc8 34. Qf4 Nxd4 35. cxd4 Rc3 36. Re3 Rc1 37. Rf3 Rf8 38. g4 hxg4 39. Qxg4 {Hoping for h5.} Qc4 {aiming for ...Rd1.} 40. Rfd3 {next h5 is good for White.} Ra1 {White must now prevent ...Qc1.} (40... Re1 $5 {[%cal Rc4c1]} 41. Qg5 Qc2 $15) 41. Qf4 {The position is equal.} Qc2 42. Qe3 Kg7 {[#] White should prevent ...Rh8.} 43. h5 $1 {[%mdl 512]} Rh8 (43... gxh5 44. Qg5+) 44. Qf4 Qe2 ({Wrong is} 44... Rxh5 $2 45. Rbc3 $18) 45. Qf6+ Kg8 46. Qd8+ {[#]} Kg7 $1 {[%mdl 512] ( -> ...Qf1+)} 47. Qf6+ Kg8 48. Qd8+ {Accuracy: White = 69%, Black = 73%.} 1/2-1/2

[Event "Summer Chess Classic-A 2019"]
[Site "Saint Louis"]
[Date "2019.06.18"]
[Round "1.2"]
[White "Shankland, Sam"]
[Black "Howell, David W L"]
[Result "0-1"]
[WhiteElo "2717"]
[BlackElo "2692"]
[Annotator "TA"]
[PlyCount "80"]
[EventDate "2019.06.18"]
[EventType "tourn"]
[EventCountry "USA"]
[SourceTitle "playchess.com"]
[Source "ChessBase"]
[SourceQuality "1"]

{[%evp 16,170,29,0,1,0,0,0,0,0,0,0,0,-12,-14,-15,0,0,0,-20,-15,-16,0,0,0,-22,0,-46,0,-12,0,-44,-67,-86,-2,-39,-36,-70,-74,-67,-66,-71,-57,-68,-67,-108,-115,-115,-114,-118,-93,-93,-93,-84,-92,-88,-85,-87,-81,-89,-74,-95,-98,-129,-120,-96,0,-118,-110,-118,-111,-111,-111,-136,-139,-136,-139,-192,-184,-181,-173,-173,-183,-197,-197,-194,-180,-260,-211,-305,-305,-305,-305,-304,-293,-299,-299,-293,-290,-295,-285,-270,-226,-335,-335,-327,-322,-283,0,-319,-303,-352,-264,-351,-328,-374,-393,-401,-364,-480,-484,-463,-414,-495,-492,-497,-493,-485,-468,-414,0,-457,-455,-654,-447,-1016,-489,-481,-481,-1231,-1207,-1900,-1716,-1263,0,-1721,-1429,-1356,-1325,-757,0,-632,-404,-1235,-1254,-1116,-1058]} 1. e4 e5 2. Nf3 Nc6 3. Bb5 Nf6 4. O-O Nxe4 5. d4 Nd6 6. Bxc6 dxc6 7. dxe5 Nf5 8. Qxd8+ Kxd8 9. h3 Bd7 {C67: Ruy Lopez: Berlin Defence: 4 0-0 Nxe4} 10. Rd1 Kc8 11. g4 {Black must now prevent Rxd7.} Ne7 {The position is equal.} 12. Ng5 Be8 13. f4 h6 14. Ne4 b6 15. c4 h5 16. Kf2 Ng6 17. Nbc3 {[#]} Be7 $146 18. b3 Bd7 19. Kg3 $1 Bh4+ 20. Kf3 Be7 21. Nf2 hxg4+ 22. hxg4 f5 23. exf6 Bxf6 24. Bb2 c5 ({Black should play} 24... Nh4+ $1 $17 25. Ke2 Re8+ 26. Kf1 Re3) 25. Rd2 Rf8 $1 $36 {[%mdl 2048] Black is pushing.} 26. f5 Nh4+ $1 27. Kg3 Be5+ $1 28. Kxh4 Bf4 $1 {[%cal Rf8h8]} 29. Kh3 Bxd2 30. Nce4 Bh6 31. Rd1 Bc6 32. g5 Rxf5 33. gxh6 gxh6 34. Kg4 Rf7 35. Nf6 Kb7 36. Rd2 Rg7+ 37. Kf4 Rg2 38. Be5 Rf8 39. Ke3 Rg5 40. Kf4 Rg6 {Played: Rg5-g2} 0-1

[Event "Summer Chess Classic-A 2019"]
[Site "Saint Louis"]
[Date "2019.06.18"]
[Round "1.3"]
[White "Swiercz, Dariusz"]
[Black "Le, Quang Liem"]
[Result "1/2-1/2"]
[WhiteElo "2667"]
[BlackElo "2694"]
[Annotator "TA"]
[PlyCount "53"]
[EventDate "2019.06.18"]
[EventType "tourn"]
[EventCountry "USA"]
[SourceTitle "playchess.com"]
[Source "ChessBase"]
[SourceQuality "1"]

{[%evp 12,53,2,0,0,0,0,0,0,0,0,0,0,0,0,-29,-10,-14,-12,-27,-20,-53,16,0,0,0,0,0,0,0,0,0,0,0,0,0,0,0,0,0,0,0,0,0]} 1. e4 e5 2. Nf3 Nc6 3. Bb5 Nf6 4. d3 Bc5 5. c3 O-O ({Predecessor:} 5... d6 6. O-O O-O {½-½ (45) Ismagambetov,A (2545)-Sevian,S (2642) Astana 2019}) 6. Nbd2 d6 7. O-O Ne7 {C65: Ruy Lopez: Berlin Defence (3...Nf6), unusual lines and 4 0-0 Bc5} 8. d4 exd4 9. cxd4 Bb6 10. Re1 Bg4 11. h3 $146 (11. Qb3 d5 12. e5 Nd7 13. h3 Bh5 14. Qd1 f6 15. e6 {½-½ (35) Vachier Lagrave,M (2780)-So,W (2754) Abidjan 2019}) 11... Bh5 12. a4 a6 13. Bf1 Nc6 14. a5 Bxf3 15. Nxf3 Bxa5 16. Re2 {Black must now prevent d5.} d5 (16... Bb6 $1 $15) 17. Bg5 {Hoping for e5.The position is equal.} dxe4 {[#]} 18. Rxe4 $1 {[%mdl 512]} Bb6 (18... Nxe4 19. Bxd8) 19. Rh4 $1 {next Bd3 is good for White.} Qd6 20. Bc4 Rad8 {[%cal Rc6d4]} 21. Qc2 {Bxf6 would kill now.} ({Much weaker is} 21. Bxf6 Qxf6 22. g3 Nxd4 $19) 21... g6 {[%cal Rc6d4]} 22. Rd1 Rd7 23. Bf4 Qe7 $1 {[%cal Rc6d4]} 24. Bg5 Qd6 $1 25. Bf4 Qe7 $1 {[%cal Rc6d4]} 26. Bg5 Qd6 $1 27. Bf4 {Accuracy: White = 76%, Black = 90%.} 1/2-1/2

[Event "Summer Chess Classic-A 2019"]
[Site "Saint Louis"]
[Date "2019.06.19"]
[Round "2.1"]
[White "Xiong, Jeffery"]
[Black "Le, Quang Liem"]
[Result "1-0"]
[WhiteElo "2684"]
[BlackElo "2694"]
[Annotator "TA"]
[PlyCount "59"]
[EventDate "2019.06.18"]
[EventType "tourn"]
[EventCountry "USA"]
[SourceTitle "playchess.com"]
[Source "ChessBase"]
[SourceQuality "1"]

{[%evp 9,83,12,7,-2,12,0,33,28,33,33,30,22,18,18,35,32,33,20,87,81,85,55,70,48,81,81,80,75,75,75,73,81,90,92,104,83,109,109,108,106,105,106,296,297,394,402,352,241,273,245,539,405,398,392,389,307,304,331,297,302,333,330,472,470,455,439,485,463,1077,1495,1225,1143,29978,29979,29976,29975]} 1. d4 Nf6 2. c4 e6 3. Nc3 Bb4 4. Nf3 d5 5. cxd5 exd5 6. Bf4 {D38: Queen's Gambit Declined: Ragozin Defence (4 Nf3 Bb4)} (6. Bg5 h6 7. Bh4 O-O 8. e3 Bf5 9. Qb3 Bxc3+ 10. Qxc3 Nbd7 11. Bd3 Bxd3 12. Qxd3 c6 13. O-O a5 14. Rac1 Re8 15. Rc2 {½-½ (30) Topalov,V (2740)-Karjakin,S (2752) Abidjan 2019}) 6... Nc6 7. Rc1 O-O 8. e3 {White is slightly better.} Ne7 $146 ({Predecessor:} 8... Nh5 9. Be2 Nxf4 10. exf4 Re8 11. O-O Ne7 12. Qb3 Bxc3 13. Rxc3 c6 {1-0 (54) Klein,D (1524)-Boucher,F (1148) Montigny le Bretonneux 2018}) 9. Qb3 a5 10. a3 Bxc3+ 11. bxc3 a4 12. Qb2 Ne4 13. Nd2 c6 (13... Ng6 $11) 14. Nxe4 $16 dxe4 15. Bg3 Nf5 16. Be2 g6 17. Bf4 g5 {[#]} 18. Be5 $1 f6 19. Bg3 Kg7 20. c4 Qe7 21. Rb1 Qf7 22. Qb6 Re8 23. h4 Nxg3 24. fxg3 Ra6 25. Qc5 Qc7 $2 (25... Qe7 $16) 26. hxg5 $18 Ra5 27. gxf6+ Kxf6 28. Qb4 Rf5 29. g4 ({Less strong is} 29. Qxa4 Kg7 $14) 29... Qg3+ $2 (29... Rg5 30. O-O+ (30. Qxa4 Kg7 $16) 30... Kg7) 30. Kd1 {Played: Ke1-d2} 1-0

[Event "Summer Chess Classic-A 2019"]
[Site "Saint Louis"]
[Date "2019.06.19"]
[Round "2.2"]
[White "Howell, David W L"]
[Black "Swiercz, Dariusz"]
[Result "1/2-1/2"]
[WhiteElo "2692"]
[BlackElo "2667"]
[Annotator "TA"]
[PlyCount "75"]
[EventDate "2019.06.18"]
[EventType "tourn"]
[EventCountry "USA"]
[SourceTitle "playchess.com"]
[Source "ChessBase"]
[SourceQuality "1"]

{[%evp 22,75,0,0,0,-6,5,0,0,0,0,6,25,17,27,33,31,0,0,0,0,0,0,0,35,21,26,0,7,0,0,0,0,0,0,0,0,0,0,0,0,0,0,0,0,0,0,-8,-6,-8,11,0,0,0,0,0]} 1. c4 e5 2. g3 Nf6 3. Bg2 d5 4. cxd5 Nxd5 5. Nf3 Nc6 6. O-O Nb6 7. d3 Be7 8. a3 O-O 9. Nbd2 a5 10. b3 Be6 11. Bb2 f6 12. Qc2 Qd7 {A20: English Opening: 1...e5} 13. Rfd1 (13. Nc4 Rfd8 14. Rfc1 Qe8 15. Nxb6 cxb6 16. Nd2 Rac8 17. a4 Bc5 18. Qd1 h5 19. Nc4 Qe7 20. e3 {0-1 (32) Gordievsky,D (2622)-Vidit,S (2718) Wijk aan Zee 2018}) 13... Rfd8 14. Rac1 Qe8 15. e3 Qf8 16. Ra1 Rd7 17. d4 exd4 18. Nxd4 $146 ({Predecessor:} 18. exd4 Qf7 19. Rac1 a4 20. b4 {1-0 (56) Moreno Ruiz,J (2459)-Gallego Jimenez,V (2421) Madrid 2009}) 18... Nxd4 19. Bxd4 c5 20. Bc3 a4 $1 21. bxa4 Nxa4 22. Rab1 $1 Nxc3 (22... Qc8 {looks sharper.} 23. Ba1 c4 24. Be4 h6 25. Nf3 Rxd1+ 26. Rxd1 Bxa3 27. Nd4 Bf7) 23. Qxc3 c4 24. Qc2 (24. Nxc4 $2 Rc7 $17) 24... Bxa3 {The position is equal.} 25. Rxb7 Rxb7 26. Bxb7 Rd8 27. Rb1 Qc5 $1 28. Nf3 Bf5 29. Be4 Bxe4 30. Qxe4 Qd5 31. Qxd5+ Rxd5 $11 {[%mdl 4096] Endgame KRB-KRN} 32. Nd4 c3 {[#] aiming for ...Rxd4!} 33. Rb8+ $1 Kf7 {Hoping for ...Rxd4!} 34. Rb7+ Kg6 {Strongly threatening ...Rxd4!} 35. Rc7 Bc5 36. Kf1 Bxd4 37. exd4 Rxd4 38. Rxc3 {Accuracy: White = 69%, Black = 71%.} 1/2-1/2

[Event "Summer Chess Classic-A 2019"]
[Site "Saint Louis"]
[Date "2019.06.19"]
[Round "2.3"]
[White "Jones, Gawain C B"]
[Black "Shankland, Sam"]
[Result "1/2-1/2"]
[WhiteElo "2709"]
[BlackElo "2717"]
[Annotator "TA"]
[PlyCount "82"]
[EventDate "2019.06.18"]
[EventType "tourn"]
[EventCountry "USA"]
[SourceTitle "playchess.com"]
[Source "ChessBase"]
[SourceQuality "1"]

{[%evp 15,82,5,6,10,19,12,29,9,19,8,24,-12,0,-44,-6,-21,-17,-19,-9,-19,-10,-25,-23,-19,-20,-13,-13,-14,-10,-19,-10,-20,-3,-6,-13,-55,-50,-57,-50,-50,-43,-43,-48,-74,0,0,0,0,0,0,0,0,0,0,0,0,0,0,0,0,0,0,0,0,0,0,0,0,0]} 1. e4 e6 2. d4 d5 3. Nd2 c5 4. Ngf3 cxd4 5. Nxd4 Nc6 6. Bb5 Bd7 7. Nxc6 bxc6 8. Bd3 Qc7 9. Qe2 {C07: French Tarrasch: 3...c5, 4 Ngf3 and 4 exd5 Qxd5} Ne7 10. Nf3 Ng6 11. O-O {White has an edge.} Be7 (11... Bd6 12. c4 dxe4 13. Bxe4 O-O 14. Rd1 Rad8 15. h3 c5 16. b3 Bc6 {0-1 (40) Nepomniachtchi,I (2763)-Vitiugov,N (2719) St Petersburg 2018}) 12. Re1 O-O 13. e5 c5 14. Bg5 $146 ({Predecessor:} 14. c4 Rab8 15. h4 dxc4 16. Be4 Kh8 {1-0 (28) Lausch,S-Wolff,C DDR 1990}) 14... Rae8 {[%cal Ba8e8,Be8e7,Be7d7,Bd7d5][%mdl 32]} 15. c4 Bc6 16. cxd5 Bxd5 17. Bxe7 Rxe7 18. Be4 Rd7 19. Qc2 Bxe4 20. Rxe4 Rd5 {[%cal Rg6e5]} 21. Rae1 Rfd8 22. h4 h6 23. h5 Ne7 24. Rc4 Qb6 25. Rc1 Nc6 26. Rxc5 Nb4 $1 {[%csl LRa2,LRc2][%mdl 64] [#] Double Attack} 27. Qc4 Nd3 {[%cal Rd5c5]} 28. Rxd5 Rxd5 29. Rc2 Nxe5 ({Better is} 29... Nxf2 $1 $17 {And now ...Ng4+ would win.} 30. Kh2 Nd3 31. Qc8+ Rd8) 30. Nxe5 $11 {The position is equal.} Rxe5 $17 {[%mdl 4096] Endgame KQR-KQR} 31. g4 Rg5 32. Kf1 Qd6 {Strongly threatening ...Qd1+.} 33. f3 Rd5 34. Kg2 Rd2+ 35. Rxd2 Qxd2+ $11 {[%mdl 64] [#] Double Attack. KQ-KQ} 36. Kg3 Qe1+ 37. Kg2 Qd2+ {[%mdl 64] Double Attack} 38. Kg3 Qxb2 39. Qc8+ Kh7 40. Qc7 Qxa2 41. Qxf7 a5 {Accuracy: White = 64%, Black = 76%.} 1/2-1/2

[Event "Summer Chess Classic-A 2019"]
[Site "Saint Louis"]
[Date "2019.06.20"]
[Round "3.1"]
[White "Shankland, Sam"]
[Black "Xiong, Jeffery"]
[Result "1/2-1/2"]
[WhiteElo "2717"]
[BlackElo "2684"]
[Annotator "TA"]
[PlyCount "97"]
[EventDate "2019.06.18"]
[EventType "tourn"]
[EventCountry "USA"]
[SourceTitle "playchess.com"]
[Source "ChessBase"]
[SourceQuality "1"]

{[%evp 11,97,16,14,13,22,8,8,22,8,16,3,5,21,16,15,36,25,14,17,12,23,13,19,12,18,0,3,0,0,0,0,7,13,9,6,6,12,13,6,10,17,0,0,0,0,0,0,0,0,0,0,0,0,0,0,0,0,0,0,0,0,-31,0,0,1,0,7,0,8,8,12,8,8,8,16,11,12,12,17,0,0,0,10,0,0,0,19,0]} 1. c4 e5 2. g3 Nf6 3. Bg2 c6 4. Nf3 e4 5. Nd4 d5 6. cxd5 Qxd5 7. e3 {A20: English Opening: 1...e5} (7. Nb3 Qe5 8. Nc3 Be7 9. d4 exd3 10. Qxd3 O-O 11. O-O Rd8 12. Qe3 Qxe3 13. Bxe3 Ng4 14. Bc5 Kf8 15. Rfd1 {0-1 (55) Popov,V (2532)-Anand,V (2773) St Petersburg 2018}) 7... Qe5 8. d3 exd3 9. Nd2 $146 {[%cal Bb1d2,Bd2c4,Bc4e5][%mdl 32]} ({Predecessor:} 9. O-O Bc5 10. Nd2 O-O 11. Nc4 Qc7 12. Qxd3 Nbd7 13. e4 Ne5 14. Qc3 Nxc4 15. Qxc4 {½-½ (28) David,A (2574)-Godena,M (2519) Rome 2016}) 9... Bc5 10. Nc4 Qh5 11. Qxh5 Nxh5 12. Nb3 Be7 13. Bd2 O-O 14. Ne5 Nf6 15. Nxd3 Rd8 16. Nf4 Na6 17. Ba5 Bb4+ 18. Ke2 b6 19. Bxc6 Rb8 $1 20. Bxb4 Nxb4 21. Bb5 $1 a6 22. Rhd1 Bg4+ 23. f3 axb5 24. fxg4 Nxg4 25. h3 Nxe3 26. Rxd8+ Rxd8 27. Kxe3 {[#] aiming for Ke4.} Nc2+ 28. Ke2 Nxa1 29. Nxa1 Ra8 30. a3 b4 31. Nc2 b3 32. Nd4 Rxa3 $1 33. Nd3 (33. bxa3 $2 {too greedy.} b2 $19) 33... Ra1 34. Nxb3 Rg1 35. Kf2 Rd1 36. Nbc1 (36. Ke3 {feels hotter.} Rg1 37. Kf3 Rf1+ 38. Nf2 Rb1 39. Nd3) 36... Kf8 {[%mdl 1024] Black has compensation.} 37. Ke3 {The position is equal.} Ke7 38. Ne2 Kd6 39. h4 Rf1 40. Nc3 h6 41. Ne4+ Ke6 42. Nd2 Rg1 43. Nf4+ Kd6 44. Ne2 Re1 45. Nc4+ Kc5 46. Ne5 Rf1 47. Nf4 Re1+ 48. Ne2 {[#] Hoping for Nd3+.} Rf1 49. Nf4 {Accuracy: White = 64%, Black = 75%.} 1/2-1/2

[Event "Summer Chess Classic-A 2019"]
[Site "Saint Louis"]
[Date "2019.06.20"]
[Round "3.2"]
[White "Swiercz, Dariusz"]
[Black "Jones, Gawain C B"]
[Result "1/2-1/2"]
[WhiteElo "2667"]
[BlackElo "2709"]
[Annotator "TA"]
[PlyCount "120"]
[EventDate "2019.06.18"]
[EventType "tourn"]
[EventCountry "USA"]
[SourceTitle "playchess.com"]
[Source "ChessBase"]
[SourceQuality "1"]

{[%evp 14,120,45,10,43,30,60,13,34,17,108,105,135,92,79,70,65,63,64,53,52,60,132,122,157,168,175,182,261,115,189,211,200,53,50,45,42,47,56,62,45,46,51,14,14,0,19,20,21,10,17,14,12,10,7,8,26,21,31,30,56,29,35,26,35,35,75,-13,-15,-14,-11,-15,0,0,0,0,0,0,0,0,0,0,0,0,0,0,0,0,0,0,0,0,0,0,0,0,0,0,0,0,0,0,0,0,0,0,0,0,0]} 1. e4 e5 2. Nf3 Nc6 3. Bb5 a6 4. Ba4 Nf6 5. O-O Bc5 6. c3 b5 7. Bb3 d6 8. a4 {Hoping for axb5.} b4 {C78: Ruy Lopez: Archangelsk and Möller Defences} (8... Bg4 9. h3 Bh5 10. d3 Rb8 11. Re1 b4 12. Nbd2 Na5 13. Bc2 O-O 14. g4 Bg6 15. Nf1 Re8 16. Ng3 d5 17. Qe2 bxc3 18. bxc3 {1-0 (39) Caruana,F (2828)-Kollars,D (2564) chess.com INT 2019}) 9. d4 Ba7 10. h3 Bb7 $146 ({Predecessor:} 10... O-O 11. Be3 Bb7 12. Nbd2 bxc3 13. bxc3 exd4 14. cxd4 h6 15. a5 Nb4 16. Qb1 {1-0 (29) McShane,L (2664)-Adams,M (2703) London 2018}) 11. Re1 Ne7 (11... O-O $11 {keeps the balance.}) 12. cxb4 $16 Nxe4 13. Qc2 d5 14. Nxe5 {aiming for Rxe4!} O-O 15. Be3 Nf5 16. Nf3 Qd6 17. Nc3 Rad8 {[#]} (17... Nxe3 $14 18. Rxe3 (18. fxe3 Rae8 $16) 18... Nf6) 18. b5 $1 c5 {[%cal Rc5d4] [#]} 19. Bxd5 $1 {[%mdl 576] Remove Defender} Bxd5 20. Nxe4 Qg6 (20... Nxe3 $142 21. Rxe3 Bxe4 22. Rxe4 (22. Qxe4 cxd4 23. Rb3 axb5 $16) 22... cxd4) 21. Ne5 (21. dxc5 $18 {And now Bg5 would win.} Rde8 22. Ned2) 21... Nxe3 (21... Qh5 $16) 22. Rxe3 $18 Qf5 23. Nc6 ({Better is} 23. Ng4 $18 {White threatens Nef6+ and mate.} Kh8 24. dxc5) 23... Bxc6 $1 $14 24. bxc6 {[%cal Rd4c5]} cxd4 25. Rf3 Qd5 $1 {Strongly threatening ...d3.} 26. Nd2 Rd6 27. Rc1 {Black must now prevent Qb3.} Rc8 {[%cal Rd6c6]} 28. c7 Rd7 29. Qc4 {Qxd5 is the strong threat.} Qb7 {[%cal Rd7c7]} 30. Rb3 Qxc7 31. Qxc7 Rdxc7 32. Rxc7 Rxc7 $11 {[%mdl 4096] Endgame KRB-KRN} 33. Kf1 Re7 34. Nf3 Kf8 35. Ne1 Ke8 36. Nd3 Kd8 37. Rb4 (37. Nb4 $5 {[%cal Rb4c6]} Re6 38. Rf3 $11) 37... Kc7 38. Rc4+ Kd6 39. Nb4 a5 40. Rc6+ (40. Nc6 $16 Kd5 41. b3) 40... Ke5 {The position is equal.} 41. Nd3+ Ke4 42. Nc1 $1 Rb7 43. b3 Kd5 44. Rc8 Bc5 45. Ke2 Ba3 46. Rd8+ $1 Ke6 47. Nd3 Bd6 48. Ra8 Rxb3 49. Rxa5 Ra3 50. g4 g6 51. h4 f5 52. gxf5+ gxf5 53. h5 Ra2+ 54. Kf3 Ra3 55. Ke2 Ra2+ 56. Kf3 h6 (56... Ra3 $5 57. Ke2 $8 $11) 57. Nc5+ Bxc5 58. Rxc5 Kf6 59. a5 Kg5 60. Kg3 d3 {Accuracy: White = 59%, Black = 49%.} 1/2-1/2

[Event "Summer Chess Classic-A 2019"]
[Site "Saint Louis"]
[Date "2019.06.20"]
[Round "3.3"]
[White "Le, Quang Liem"]
[Black "Howell, David W L"]
[Result "1/2-1/2"]
[WhiteElo "2694"]
[BlackElo "2692"]
[Annotator "TA"]
[PlyCount "219"]
[EventDate "2019.06.18"]
[EventType "tourn"]
[EventCountry "USA"]
[SourceTitle "playchess.com"]
[Source "ChessBase"]
[SourceQuality "1"]

{[%evp 13,219,8,12,12,23,13,41,9,20,14,12,8,30,35,33,16,18,15,22,21,52,48,73,62,78,75,73,78,62,0,19,0,0,0,0,-1,53,51,49,56,164,160,147,164,163,-24,0,-31,33,0,0,-12,51,9,150,111,114,0,0,0,0,6,253,253,253,258,279,279,269,270,269,272,262,234,234,226,296,99,120,112,110,100,109,105,97,111,105,24,59,59,59,59,99,61,68,44,91,89,86,71,70,61,65,65,64,21,50,41,68,20,44,31,40,34,163,159,154,135,312,8,8,8,8,8,10,0,0,0,8,8,8,8,8,8,8,0,8,0,0,0,0,0,0,0,0,0,0,0,0,0,0,0,0,0,0,0,0,0,0,0,8,0,0,0,0,0,0,0,0,0,0,0,0,0,0,0,0,0,0,0,0,0,0,0,0,0,0,0,0,0,0,0,0,0,0,0,0,0,0,0,0,0,8,8,70,0,0,0]} 1. e4 e5 2. Nf3 Nc6 3. Bc4 Nf6 4. d3 Bc5 5. O-O d6 6. c3 a6 7. a4 O-O 8. Re1 {C54: Giuoco Piano: 4 c3 Nf6, main lines with 5 d4 and 5 d3} Ba7 (8... h6 9. h3 a5 10. Nbd2 Be6 11. b3 d5 12. exd5 Nxd5 13. Ne4 Bb6 14. Ra2 f5 15. Ng3 Qf6 16. Nxe5 Nxe5 {½-½ (40) Ding,L (2813)-Anand,V (2773) Wijk aan Zee 2019}) 9. h3 Ne7 10. d4 {White is slightly better.} Ng6 11. Nbd2 exd4 12. cxd4 Nxe4 $146 {[%mdl 64] Remove Defender, Decoy} ({Predecessor:} 12... d5 13. exd5 Nxd5 14. Ne4 c6 {0-1 (83) Leon Hoyos,M (2490)-Quesada Perez,Y (2619) Saint Louis 2017}) 13. Nxe4 d5 14. Bg5 f6 15. Bxf6 gxf6 16. Bb3 Kh8 17. Ng3 $1 Rg8 18. Bc2 c6 19. Ra3 Bb8 20. Rae3 Bf4 21. R3e2 Bd6 $1 22. Bxg6 hxg6 23. Nh4 Bd7 $1 24. Qd3 Kh7 (24... f5 $11 25. Nf3 f4) 25. f4 $1 $14 Bb4 $1 {[%cal Rb4e1]} 26. Rf1 Qf8 (26... f5 $14 27. Nf3 Qf6) 27. f5 $1 $18 {[%cal Rf5g6]} g5 28. Ng6 Qh6 29. Ne5 $2 (29. Qf3 $18) 29... fxe5 $11 30. dxe5 Raf8 ({Black should play} 30... Be8 $1 $15) 31. e6 {[%mdl 1024] White has compensation.} Be8 {Threatens to win with ...Rf6.} 32. f6+ $1 Bg6 ({Better is} 32... Qg6 $1 $11 33. Qd4 (33. Qxg6+ Bxg6 34. e7 Re8 $17) 33... Bd6) 33. Qb3 Qh4 (33... Bc5+ $1 $11 34. Kh1 g4) 34. e7 $16 Qd4+ 35. Kh1 ({White has to play} 35. Kh2 $1 $16) 35... Rxf6 $11 36. Rxf6 Qxf6 37. Qxb4 d4 $2 (37... Re8 $1 $11 {and Black stays safe.}) 38. Qxb7 $18 Re8 39. Qd7 Qf4 40. Kh2 c5 41. Re6 Qf7 42. Qd6 d3 43. Re5 Qf4 44. Qxc5 g4 {[#]} 45. Re6 $2 (45. Re4 $1 $18 {[%mdl 512] has better winning chances.} Qf6 (45... Bxe4 46. Qh5+) 46. Rxg4) 45... d2 $16 46. Qd6 Qxd6 47. Rxd6 gxh3 48. Kxh3 Rxe7 49. Rxd2 {[%mdl 4096] Endgame KRB-KRN} Rb7 50. Rd6 (50. Ne2 $16) 50... a5 51. Ra6 Rxb2 52. Rxa5 Be8 53. Ne4 {And now Nf6+ would win.} Bc6 54. Ng5+ Kg6 55. Ra6 Rc2 56. Nf3 {aiming for Rxc6+!} Kg7 57. Kg3 Bd5 58. a5 {Hoping for Rd6.} Ra2 59. Kh3 Ra3 60. Kg4 {Black must now prevent Kf4.} Ra2 61. Kg3 Kf7 62. Kh3 {Ne5+ is the strong threat.} Be6+ 63. Kh4 Ra4+ {[#]} (63... Ke7 $1 $14) 64. Kg5 $1 $18 Ke7 65. Ne5 {Strongly threatening Ng6+.} Bc8 $2 {[#]} (65... Re4 $16) 66. Ng6+ $2 (66. Ra8 $1 $18) 66... Kd8 $1 $132 {[%mdl 2048] Black has counterplay} 67. Rd6+ (67. Ra7 {keeps more tension.} Rg4+ 68. Kf6 Rxg2 69. Nh8 Bg4 70. Nf7+) 67... Kc7 68. Rd2 Rxa5+ 69. Kf6 Rf5+ 70. Ke7 Bb7 71. Nf8 Bxg2 72. Ne6+ Kb6 73. Rxg2 {KRN-KR} Rf1 74. Rc2 Rd1 75. Nc5 Kb5 76. Ke6 Kb4 77. Ke5 Rd8 78. Ne6 Rd1 79. Rc8 Re1+ 80. Kd5 Rh1 81. Rc4+ Kb3 82. Nd4+ Kb2 83. Rc2+ Kb1 84. Rg2 Rc1 85. Nb5 Rc8 $1 86. Kd4 Rb8 87. Kc4 Kc1 88. Nd4 (88. Kc5 {feels hotter.} Rc8+ 89. Kd5 Kd1 90. Rg1+ Kc2 91. Nd4+) 88... Rc8+ 89. Kd3 Rh8 90. Rf2 (90. Nc2 {looks sharper.} Rd8+ 91. Nd4 Rh8) 90... Rd8 91. Rh2 Kb1 92. Rh6 Rg8 93. Rb6+ Ka2 94. Ne2 Ka3 95. Rb5 (95. Nc1 {is more complex.} Ka4 96. Nb3 Ka3 97. Nc5 Rg3+ 98. Kd2) 95... Rd8+ 96. Kc2 Rh8 97. Nd4 Ka4 98. Kd3 Rc8 99. Rb1 Ka5 100. Ke4 Ka4 101. Kd5 Rd8+ 102. Kc5 {[%cal Rb1a1]} (102. Kc4 {seems wilder.} Rc8+ 103. Kd5) 102... Rc8+ 103. Nc6 Ka3 104. Rb6 Rh8 105. Kc4 Rh4+ 106. Nd4 Ka2 107. Kc3 Rh3+ 108. Kd2 Ka3 (108... Rh2+ $11 109. Kd3 Rh3+ 110. Kc4 Rh1) 109. Rb3+ ({White should try} 109. Kc2 $14) 109... Rxb3 110. Nxb3 {Accuracy: White = 51%, Black = 53%.} 1/2-1/2